Chorvátska národnosť na Slovensku história, onomastika, národopis

Bibliographic Details
Main Author: Kurincová, Elena, 1955- (Author)
Format: Article
Language:Slovak
ISSN:0027-5263
Subjects:

MARC

LEADER 00000nab a2200000 a 4500
001 vtls000723286
003 SK-MaSNL
005 20260304142608.0
008 250505c2000 xo 0 slo
015 |a SNBRB2000/06-15883 
035 |a CLN000075452 
035 |a urn:nbn:sk:snk-ab2odf 
035 |a (urnnbn)urn:nbn:sk:snk:ar-a02p4k 
035 |a (uuid)e5b96dbc-f898-4644-abd2-3131ef5f4b88 
040 |a SNKBUCL  |b slo  |c SNKBUCL  |e AACR2 
041 0 |a slo 
044 |a xo  |c SK 
080 |a 943.76(=862)(048)  |2 1997 
080 |a 39(437.6=862)(048)  |2 1997 
080 |a 323.113(=862)(437.6)(048)  |2 1997 
100 1 |a Kurincová, Elena,  |d 1955-  |4 aut  |9 115065 
245 1 0 |a Chorvátska národnosť na Slovensku  |b história, onomastika, národopis  |c Elena Kurincová 
650 0 7 |a Chorváti  |z Slovensko  |x dejiny  |x onomastika  |x národopis  |x zborníky  |x recenzie  |2 snkbucl  |9 912816 
655 7 |a články z novín a časopisov  |2 snkbucl  |9 267496 
773 0 |t Múzeum  |g Roč. 46, č. 1 (2000), s. 43  |x 0027-5263 
787 0 8 |i Rec.:  |a Botík, Ján  |t Chorvátska národnosť na Slovensku  |d Bratislava : Slovenské národné múzeum, 1999  |z 8080600201 
850 |a Slovenská národná knižnica 
852 |a Slovenská národná knižnica 
954 |a odborná, vedecká literatúra pôvodná (slovenská)  |2 lita 
958 |a article27 
958 |a SK 
958 |a HR 
958 |a RC 
958 |a OND 
958 |a EUIPO 
992 |a RBX 
999 |c 2922039  |d 2923969